00724nam a2200181 a 450000100100000000500170001000800410002704000250006808200160009310000240010924501070013326000380024030000210027859000750029970000360037495201150041099900170052500003533220200930074250.0111027s1954 xxu 000 0 eng d aDO-SdBNPbspacBNPHU axxxxbM281d1 aMann, Thomas96111110aDeath in venice and Seven other stories /cThomas Mann ; translated from the german H. T. Lowe-Porter. aNew York :bVintage Books,c1954. a404 p. ;c18 cm. aPerteneció a la biblioteca personal de Juan Isidro Jimenes Grullón1 aLowe-Porter, H. T.,etr.911609 0010507-18MOaGRbGRcOId2011-10-27iLF1l0oxxxx M281dp35332-10r2020-06-25w2020-06-25y1ZNo se presta c34823d34823